Statistiken für Wer kontrolliert es?

Klicken Sie hier um das Quiz zu spielen!

Allgemein

  • Dieses Quiz wurde 998 mal gespielt
  • Das Durchschnittsergebnis liegt bei 14 aus 24

Antwortstatistiken

Ort Land % Korrekt
NordirlandVereinigtes Königreich
98%
Kanarische InselnSpanien
87%
SpitzbergenNorwegen
85%
Seeland (Sjælland)Dänemark
84%
NiederkalifornienMexiko
84%
KorfuGriechenland
80%
LhasaChina
71%
Flußdelta des MekongVietnam
69%
TiberItalien
69%
Petronas TowersMalaysia
68%
O'ahuVereinigte Staaten
68%
KaabaSaudi-Arabien
67%
Blaue MoscheeTürkei
66%
CayenneFrankreich
60%
DurbanSüdafrika
57%
ArubaNiederlande
54%
LadogaseeRussland
51%
Port SaidÄgypten
41%
Victoria-InselKanada
38%
AndamanenIndien
35%
Puncak JayaIndonesien
34%
Mato GrossoBrasilien
29%
ChimborazoEcuador
24%
SokotraJemen
20%

Verteilung der Resultate

Perzentil nach korrekt beantworteten Fragen

Anzahl Personen mit jedem Resultat

Ihre Resultats-Entwicklung

Sie haben dieses Quiz noch nicht gespielt